000 01109nam a22003377a 4500
003 CHAP
005 20220329134425.0
008 971013s1985 r 00010 d
010 _a20283
011 _a21255
035 _a25344
040 _cCHAP
090 _aFolleto 9919
100 0 0 _aArbab, Farzam.
_96552
245 _aUniversidad rural; aprendizaje sobre educación y desarrollo
260 _aOttawa :
_bCentro Internacional de Investigaciones para el Desarrollo,
_c1985
300 _a81 p.
_b: ilus
490 _aIDRC-23/s
590 _aBATCH-UPD
_b10
_c20130110
_lUCH01
_h0235
590 _aBATCH-UPD
_b10
_c20130110
_lUCH01
_h2252
590 _aBATCH-UPD
_b10
_c20130410
_lUCH01
_h1545
590 _aBATCH-UPD
_b10
_c20130914
_lUCH01
_h1146
590 _aCONVERSION
_b10
_c20130109
_lUCH01
_h1312
650 1 4 _aColombia
_xCondiciones rurales.
_925363
650 1 4 _aColombia
_xEducación agrícola.
_925365
650 1 4 _aDesarrollo de la comunidad rural
_xColombia.
_932005
830 0 _aIDRC-23/s
_957307
901 _aBK
942 _cFOLL
949 _aFolleto 9919
_bBC
_cFOLL
_d-58426
_eTS1
_i25344
_si
999 _c20283
_d20283